[Event "2004 World Open: 5-Day"]
[Site "Philadelphia, pa"]
[Date "2004.07.03"]
[Round "4"]
[White "Magar, Thomas P"]
[Black "Marks, Hendrik"]
[Result "0-1"]
[WhiteElo "2203"]
[BlackElo "2273"]
[PlyCount "62"]
[EventDate "2004.??.??"]

1. d4 Nf6 2. c4 e6 3. Nc3 Bb4 4. e3 O-O 5. Bd3 c5 6. Nge2 d5 7. cxd5 cxd4 8.
exd4 Nxd5 9. O-O Nc6 10. a3 Be7 11. Bc2 b6 12. Qd3 g6 13. Bh6 Re8 14. Rad1 Bb7
15. Rfe1 Rc8 16. Nf4 Nxf4 17. Bxf4 Na5 18. Ba4 Bg5 19. Qd2 Bxf4 20. Qxf4 Re7
21. Rd3 Nc4 22. Rh3 Nxb2 23. Qh6 f6 24. Bb3 Kh8 25. Rxe6 Nc4 26. Qxg6 Rg7 27.
Qxf6 Qxf6 28. Rxf6 Rxg2+ 29. Kf1 Nd2+ 30. Ke2 Nxb3 31. Rf7 Rg7 0-1

[Event "2004 World Open: 5-Day"]
[Site "Philadelphia, pa"]
[Date "2004.07.03"]
[Round "4"]
[White "Filipovich, David"]
[Black "Henry, Ronald L"]
[Result "1/2-1/2"]
[WhiteElo "2267"]
[BlackElo "2201"]
[PlyCount "49"]
[EventDate "2004.??.??"]

1. Nf3 Nf6 2. g3 g6 3. Bg2 Bg7 4. O-O O-O 5. d4 d6 6. b3 e5 7. dxe5 Ng4 8. Bb2
Nc6 9. Qc1 Ngxe5 10. Nxe5 Nxe5 11. f4 Nc6 12. Bxg7 Kxg7 13. Nc3 Be6 14. Qd2 Qf6
15. Rad1 Kg8 16. h3 h5 17. e4 Ne7 18. f5 Bd7 19. e5 Qxe5 20. f6 Nf5 21. Ne4 Kh7
22. Ng5+ Kg8 23. Ne4 Kh7 24. Ng5+ Kg8 25. Ne4 1/2-1/2

[Event "2004 World Open: 5-Day"]
[Site "Philadelphia, pa"]
[Date "2004.07.03"]
[Round "4"]
[White "Dejmek, Mark W"]
[Black "Sana, Mariano"]
[Result "1/2-1/2"]
[WhiteElo "2101"]
[BlackElo "2248"]
[PlyCount "109"]
[EventDate "2004.??.??"]

1. e4 c5 2. Nf3 d6 3. d4 cxd4 4. Nxd4 Nf6 5. Nc3 a6 6. Bg5 e6 7. f4 Be7 8. Qf3
Qc7 9. O-O-O Bd7 10. Qg3 Nc6 11. Nxc6 Bxc6 12. Bd3 h6 13. Bh4 Nh5 14. Qg4 Nxf4
15. Bxe7 Nxd3+ 16. Rxd3 Qxe7 17. Qxg7 O-O-O 18. Rf1 Rdg8 19. Qxf7 Qxf7 20. Rxf7
Rxg2 21. Rxd6 Rxh2 22. Rxe6 Rg8 23. b3 Rgg2 24. Nd5 Rxc2+ 25. Kb1 Rcg2 26. Ref6
Bxd5 27. exd5 Rb2+ 28. Kc1 Kb8 29. Rxh6 Rhc2+ 30. Kd1 Rg2 31. Kc1 Rxa2 32. Kb1
Rad2 33. Kc1 Rxd5 34. Rb6 Rc5+ 35. Kb1 Rc7 36. Rxc7 Kxc7 37. Rh6 b6 38. Kc1 a5
39. Kb1 Kb7 40. Kc1 Kc7 41. Kb1 Rd2 42. Kc1 Rd6 43. Rh5 Kc6 44. Kc2 Rd5 45. Rh4
Kb5 46. Kc3 Kc5 47. Rc4+ Kd6 48. Rh4 b5 49. Rg4 Kc5 50. Rh4 b4+ 51. Kc2 Re5 52.
Kd2 Kb5 53. Kc2 a4 54. bxa4+ Kxa4 55. Rh3 1/2-1/2

[Event "2004 World Open: 5-Day"]
[Site "Philadelphia, pa"]
[Date "2004.07.03"]
[Round "4"]
[White "Beaudoin, Stephane"]
[Black "Zhao, Parker B"]
[Result "0-1"]
[WhiteElo "2225"]
[BlackElo "2018"]
[PlyCount "80"]
[EventDate "2004.??.??"]

1. e4 c5 2. Nf3 e6 3. d4 cxd4 4. Nxd4 a6 5. Bd3 Qc7 6. O-O Nf6 7. Qe2 d6 8. Nc3
Nc6 9. Nxc6 Qxc6 10. a4 Be7 11. Bb5 axb5 12. axb5 Qxc3 13. bxc3 Rxa1 14. e5
dxe5 15. Qxe5 O-O 16. c4 Ra8 17. Bb2 Rd8 18. Bd4 Bd7 19. Rb1 Be8 20. c3 Rdc8
21. h4 Rxc4 22. h5 h6 23. g4 Rd8 24. Qe2 Rcxd4 25. cxd4 Rxd4 26. f3 Bc5 27. Kh1
b6 28. Qa2 Rd8 29. Qc4 Nd5 30. Qd3 Ra8 31. Rc1 Ra5 32. Rb1 Ra3 33. Rb3 Rxb3 34.
Qxb3 Nc7 35. Qd3 Nxb5 36. Qd8 Nd6 37. g5 hxg5 38. Qxg5 Nf5 39. Kg2 Be7 40. Qf4
b5 0-1

[Event "2004 World Open: 5-Day"]
[Site "Philadelphia, pa"]
[Date "2004.07.03"]
[Round "4"]
[White "Heiser, Eric A"]
[Black "Mirabile, Tim"]
[Result "0-1"]
[WhiteElo "1856"]
[BlackElo "2219"]
[PlyCount "86"]
[EventDate "2004.??.??"]

1. c4 Nf6 2. g3 g6 3. Bg2 d5 4. cxd5 Nxd5 5. Nc3 Nb6 6. Nf3 Bg7 7. d3 O-O 8.
O-O c6 9. Bf4 N8d7 10. Qd2 e5 11. Bh6 Qe7 12. Bxg7 Kxg7 13. Rfd1 f5 14. Rac1
Nf6 15. h3 Bd7 16. Qc2 h6 17. e4 fxe4 18. dxe4 Nh7 19. b3 Bxh3 20. Bxh3 Rxf3
21. Na4 Rf7 22. Nxb6 axb6 23. Rd7 Qe8 24. Rcd1 Nf6 25. R7d6 Re7 26. R1d2 Qb8
27. Qd3 Qc7 28. Qc2 Rf8 29. f4 exf4 30. e5 Rxe5 31. Rd7+ Nxd7 32. Rxd7+ Qxd7
33. Bxd7 Re7 34. Qc3+ Rf6 35. Bc8 f3 36. Bh3 f2+ 37. Kh2 Re1 38. Qd4 f1=Q 39.
Bxf1 Rexf1 40. Qd7+ Rf7 41. Qd4+ Kh7 42. g4 R1f2+ 43. Kg3 R7f3+ 0-1

[Event "2004 World Open: 5-Day"]
[Site "Philadelphia, pa"]
[Date "2004.07.03"]
[Round "4"]
[White "Fedorowicz, John P"]
[Black "Bercys, Salvijus"]
[Result "1/2-1/2"]
[WhiteElo "2600"]
[BlackElo "2306"]
[PlyCount "56"]
[EventDate "2004.??.??"]

1. d4 Nf6 2. c4 g6 3. Nf3 Bg7 4. g3 O-O 5. Bg2 d6 6. O-O Nc6 7. Nc3 Bf5 8. d5
Na5 9. Nd4 Bd7 10. b3 c5 11. dxc6 bxc6 12. Bd2 Rb8 13. Rc1 c5 14. Nc2 Nc6 15.
Ne3 a6 16. Ned5 Ne8 17. e3 e6 18. Nf4 Ne5 19. Nce2 Bc6 20. Bxc6 Nxc6 21. Bc3
Qe7 22. f3 f5 23. h4 Rd8 24. Kg2 Be5 25. Qc2 Nf6 26. Rfd1 Rfe8 27. Rd2 Bxc3 28.
Nxc3 Ne5 1/2-1/2

[Event "2004 World Open: 7-Day"]
[Site "Philadelphia, PA"]
[Date "2004.07.01"]
[Round "3"]
[White "Prilleltensky, Matan"]
[Black "Martin Tarrio, David"]
[Result "0-1"]
[WhiteElo "1882"]
[BlackElo "2257"]
[PlyCount "68"]
[EventDate "2004.??.??"]

1. e4 Nc6 2. Nf3 Nf6 3. e5 Ng4 4. d4 d6 5. h3 Nh6 6. e6 fxe6 7. Bxh6 gxh6 8.
Ne5 Nxe5 9. dxe5 Bg7 10. Qh5+ Kf8 11. Nc3 Qe8 12. Qh4 Bxe5 13. Qxh6+ Bg7 14.
Qf4+ Qf7 15. Qc4 c6 16. Be2 e5 17. Qxf7+ Kxf7 18. Bh5+ Kg8 19. O-O Bf5 20. f4
Bxc2 21. Rf2 Bg6 22. Bg4 exf4 23. Be6+ Bf7 24. Bxf7+ Kxf7 25. Rxf4+ Kg8 26. Ne4
Rf8 27. Rg4 h6 28. Re1 Kh7 29. Nxd6 exd6 30. Re7 Rhg8 31. Rxb7 Rf6 32. Rxa7 Rg6
33. Rf4 Kh8 34. Rh4 Bf6 0-1

[Event "2004 World Open: 7-Day"]
[Site "Philadelphia, PA"]
[Date "2004.07.01"]
[Round "3"]
[White "Hanken, Jerome B"]
[Black "Owen, Steven A"]
[Result "0-1"]
[WhiteElo "2200"]
[BlackElo "2051"]
[PlyCount "60"]
[EventDate "2004.??.??"]

1. c4 Nf6 2. g3 g6 3. Bg2 Bg7 4. Nc3 d6 5. e3 O-O 6. Nge2 e5 7. O-O c6 8. f4
Be6 9. d3 Qd7 10. Rb1 Bh3 11. b4 Bxg2 12. Kxg2 Na6 13. e4 exf4 14. Bxf4 Nh5 15.
Be3 f5 16. exf5 Rxf5 17. Rxf5 Qxf5 18. Nd4 Qe5 19. Bf2 Rf8 20. Nce2 c5 21. bxc5
dxc5 22. Nf3 Qf5 23. Neg1 g5 24. h3 Nb4 25. Be3 g4 26. hxg4 Qxg4 27. Bxc5 Qxg3+
28. Kh1 Nf4 29. Qf1 Nbxd3 30. Be3 Rf5 0-1

[Event "2004 World Open: 7-Day"]
[Site "Philadelphia, PA"]
[Date "2004.07.01"]
[Round "3"]
[White "Brookshear, H Timothy"]
[Black "Coraretti, Benjamin J"]
[Result "1/2-1/2"]
[WhiteElo "2025"]
[BlackElo "1863"]
[PlyCount "149"]
[EventDate "2004.??.??"]

1. d4 d5 2. Nf3 Nf6 3. c4 dxc4 4. Qa4+ c6 5. Qxc4 Bf5 6. g3 e6 7. Bg2 h6 8.
Nbd2 Be7 9. O-O O-O 10. Qb3 Qb6 11. Qxb6 axb6 12. Ne5 Rd8 13. Ndf3 Nbd7 14. h3
Nxe5 15. dxe5 Nd7 16. g4 Be4 17. Bf4 Ra5 18. Rfd1 Rd5 19. Rxd5 Bxd5 20. Nd4 Nc5
21. Be3 Bxg2 22. Kxg2 Bg5 23. Bxg5 Rxd4 24. Be3 Re4 25. Rd1 Rxe5 26. Rd8+ Kh7
27. Rb8 Kg6 28. Bxc5 bxc5 29. Rxb7 Rxe2 30. Kf3 Rc2 31. a4 Rc4 32. b3 Rc3+ 33.
Kg2 c4 34. bxc4 Rxc4 35. Rc7 Rxa4 36. Rxc6 h5 37. Kg3 Rd4 38. Rc7 hxg4 39. hxg4
e5 40. Rc3 Rf4 41. f3 f6 42. Re3 Kf7 43. Ra3 Rd4 44. Ra7+ Kg6 45. Ra3 Kg5 46.
Re3 g6 47. Re2 Rd3 48. Re4 Kh6 49. Kg2 Rd5 50. Kg3 Kg7 51. Ra4 Kf7 52. Ra7+ Ke6
53. Ra6+ Rd6 54. Ra4 f5 55. gxf5+ gxf5 56. Kf2 Rc6 57. Ra5 f4 58. Ra2 Rc3 59.
Rd2 Rc4 60. Ke2 e4 61. fxe4 Ke5 62. Rd3 Kxe4 63. Ra3 Rc2+ 64. Kf1 Kf5 65. Rb3
Kg4 66. Ra3 Rh2 67. Kg1 Rd2 68. Kf1 Rb2 69. Kg1 f3 70. Ra8 Kf4 71. Rf8+ Ke3 72.
Re8+ Kd2 73. Kf2 Rb3 74. Rd8+ Kc2 75. Rf8 1/2-1/2

[Event "2004 World Open: 7-Day"]
[Site "Philadephia"]
[Date "2004.07.01"]
[Round "3"]
[White "Ippolito, Dean J"]
[Black "Norowitz, Yaacov"]
[Result "1-0"]
[WhiteElo "2404"]
[BlackElo "2235"]
[PlyCount "43"]
[EventDate "2004.??.??"]

1. d4 Nf6 2. c4 e5 3. dxe5 Ne4 4. a3 d6 5. Nf3 Nc6 6. Qc2 d5 7. e3 g6 8. cxd5
Qxd5 9. Bc4 Qa5+ 10. b4 Bxb4+ 11. axb4 Qxa1 12. e6 f5 13. Ba3 Rg8 14. b5 Ne5
15. Bd5 Nxf3+ 16. gxf3 Nf6 17. Qxc7 Qxb1+ 18. Kd2 Qxb5 19. Qd6 Qa5+ 20. Bb4 Qd8
21. Qxd8+ Kxd8 22. e7+ 1-0

[Event "2004 World Open: 7-Day"]
[Site "Philadephia"]
[Date "2004.07.01"]
[Round "3"]
[White "Formanek, Edward W"]
[Black "Au, Leslie"]
[Result "1-0"]
[WhiteElo "2308"]
[BlackElo "2229"]
[PlyCount "43"]
[EventDate "2004.??.??"]

1. e4 e6 2. d4 d5 3. e5 c5 4. c3 Nc6 5. Nf3 Bd7 6. a3 f6 7. exf6 Nxf6 8. Bd3
cxd4 9. cxd4 Bd6 10. O-O O-O 11. Nc3 a6 12. Bc2 Qe8 13. Ne2 Ng4 14. Ng3 g6 15.
h3 Nxf2 16. Kxf2 e5 17. Bb3 Be6 18. dxe5 Bc5+ 19. Ke1 Rd8 20. Bh6 Rf7 21. Rc1
Ba7 22. Qe2 {Time Forfeit} 1-0

[Event "2004 World Open"]
[Site "Philadelphia, PA"]
[Date "2004.07.03"]
[Round "5"]
[White "De Firmian, Nick E"]
[Black "Gurevich, Dmitry"]
[Result "1/2-1/2"]
[WhiteElo "2632"]
[BlackElo "2559"]
[PlyCount "108"]
[EventDate "2004.??.??"]

1. e4 d6 2. d4 Nf6 3. Nc3 g6 4. f4 Bg7 5. Nf3 O-O 6. Bd3 Nc6 7. O-O e5 8. fxe5
dxe5 9. d5 Nb4 10. Bc4 Ne8 11. a3 Nd6 12. Be2 Na6 13. Bxa6 bxa6 14. Bg5 Qe8 15.
Qd2 f6 16. Bh6 Nc4 17. Qe2 Nxb2 18. Bxg7 Kxg7 19. Rab1 Qe7 20. Rxb2 Qc5+ 21.
Qf2 Qxc3 22. Rb3 Qc4 23. Rb4 Qc3 24. Rb3 Qc4 25. Qe3 Qa4 26. Qc5 Bg4 27. Rb7
Rac8 28. Nxe5 Qxe4 29. Rxc7+ Rxc7 30. Qxc7+ Kg8 31. Nxg4 Qxg4 32. d6 Rc8 33.
Qxa7 Rxc2 34. Qa8+ Kg7 35. Qb7+ Kh6 36. Qd5 Qg5 37. Rd1 Qxd5 38. Rxd5 Rc8 39.
Ra5 Rc6 40. Rd5 Rc8 41. Ra5 Rc6 42. d7 Rd6 43. Rxa6 Rxd7 44. Rxf6 Ra7 45. Rf3
g5 46. h3 Kg6 47. Kf2 h5 48. Rb3 h4 49. Ke2 g4 50. hxg4 Kg5 51. Kf2 Ra4 52. Kg1
Rxg4 53. Rb2 h3 54. Ra2 Kf4 1/2-1/2

[Event "2004 World Open"]
[Site "Philadelphia, PA"]
[Date "2004.07.03"]
[Round "5"]
[White "Stocek, Jiri"]
[Black "Muhammad, Stephen"]
[Result "1-0"]
[WhiteElo "2593"]
[BlackElo "2420"]
[PlyCount "61"]
[EventDate "2004.??.??"]

1. Nf3 Nf6 2. c4 g6 3. Nc3 Bg7 4. d4 d6 5. h3 O-O 6. Bf4 Nfd7 7. Qd2 c5 8. Bh6
Nc6 9. Bxg7 Kxg7 10. e3 b6 11. Be2 Bb7 12. Rd1 Rc8 13. b3 Nb4 14. d5 Na6 15.
O-O Nc7 16. e4 Rb8 17. Nh2 Ba6 18. a4 Bc8 19. f4 Na6 20. Bd3 Nb4 21. Bb1 a6 22.
Rde1 Nf6 23. e5 Ne8 24. f5 dxe5 25. Ng4 Nf6 26. Qh6+ Kg8 27. fxg6 fxg6 28. Nxe5
Rb7 29. Nxg6 hxg6 30. Qxg6+ Kh8 31. Rf4 1-0

[Event "2004 World Open"]
[Site "Philadelphia, PA"]
[Date "2004.07.03"]
[Round "5"]
[White "Miton, Kamil"]
[Black "Tyomkin, Dimitri"]
[Result "0-1"]
[WhiteElo "2615"]
[BlackElo "2499"]
[PlyCount "86"]
[EventDate "2004.??.??"]

1. d4 Nf6 2. c4 g6 3. Nc3 d5 4. Qb3 dxc4 5. Qxc4 Bg7 6. e4 O-O 7. Be2 Nc6 8.
Nf3 Bg4 9. d5 Na5 10. Qb4 Bxf3 11. Bxf3 c6 12. Be3 cxd5 13. exd5 Rc8 14. Bxa7
Nc4 15. O-O Nd2 16. Rfd1 Rc4 17. Qb5 Nxf3+ 18. gxf3 Qc8 19. Rd4 Rxd4 20. Bxd4
Qh3 21. Bxf6 Bxf6 22. Qe2 Rc8 23. Ne4 Be5 24. Ng3 Bd6 25. Rd1 h5 26. Qe3 Qh4
27. Rc1 Rxc1+ 28. Qxc1 Qd4 29. Qc8+ Kh7 30. Qxb7 Qd1+ 31. Kg2 h4 32. Ne4 h3+
33. Kxh3 Qxf3+ 34. Ng3 Bxg3 35. fxg3 Qf1+ 36. Kh4 Qf5 37. g4 Qf2+ 38. Kh3 Qf3+
39. Kh4 g5+ 40. Kh5 Qf6 41. Qc6 e6 42. Qc2+ Kg7 43. Qc3 exd5 {Time forfeit} 0-1

[Event "2004 World Open"]
[Site "Philadelphia, PA"]
[Date "2004.07.03"]
[Round "5"]
[White "Bercys, Salvijus"]
[Black "Rahman, Ziaur"]
[Result "1/2-1/2"]
[WhiteElo "2306"]
[BlackElo "2543"]
[PlyCount "172"]
[EventDate "2004.??.??"]

1. d4 e6 2. c4 b6 3. Nc3 Bb7 4. e4 Bb4 5. Bd3 f5 6. Qe2 Nf6 7. f3 Nc6 8. Be3 f4
9. Bf2 e5 10. a3 Bxc3+ 11. bxc3 d6 12. c5 dxc5 13. dxc5 O-O 14. Qc2 Qe7 15. Ne2
Kh8 16. Rb1 Nd7 17. cxb6 axb6 18. a4 Nc5 19. Bb5 Na5 20. Nc1 Rad8 21. O-O Bc8
22. Re1 Be6 23. Rb4 h6 24. Be2 Bg8 25. Rd1 Rxd1+ 26. Qxd1 Rd8 27. Qc2 Be6 28.
h3 Qd6 29. Kf1 Kh7 30. Ke1 Qe7 31. Kf1 Qf7 32. c4 Na6 33. Rb5 Bxc4 34. Bxc4
Qxc4+ 35. Qxc4 Nxc4 36. Ke1 c5 37. a5 bxa5 38. Bxc5 a4 39. Bf2 a3 40. Rb3 Rc8
41. Na2 Nc5 42. Bxc5 Rxc5 43. Rc3 Nb2 44. Rxc5 Nd3+ 45. Kd2 Nxc5 46. Kc3 Kg6
47. Kc4 Ne6 48. Kb3 Nd4+ 49. Kxa3 Nc2+ 50. Kb3 Ne3 51. Nc1 Nxg2 52. Nd3 Kf6 53.
Kc3 Ke6 54. Kd2 Kd6 55. Ke2 g5 56. Nb4 Ne3 57. Nd3 Nc4 58. Nb4 Kc5 59. Nd5 Nd6
60. Nf6 Kd4 61. Kd2 Nc4+ 62. Ke2 Ne3 63. Nd7 h5 64. Nf6 h4 65. Kf2 Kd3 66. Nd7
Nc4 67. Nc5+ Kd2 68. Nb3+ Kd1 69. Nc5 Nb2 70. Nb3 Nd3+ 71. Kf1 Nc1 72. Na5 Kc2
73. Nc4 Nd3 74. Ke2 Kc3 75. Nd6 Nc1+ 76. Kf1 Nb3 77. Nf7 Kd4 78. Ke2 Nc1+ 79.
Kf2 Nd3+ 80. Ke2 g4 81. fxg4 Kxe4 82. Ng5+ Kd4 83. Nf3+ Kc3 84. g5 Nc5 85. Nxe5
Ne6 86. g6 Ng5 1/2-1/2

[Event "2004 World Open"]
[Site "Philadelphia, PA"]
[Date "2004.07.03"]
[Round "5"]
[White "Shulman, Yury"]
[Black "Karklins, Andrew"]
[Result "1-0"]
[WhiteElo "2604"]
[BlackElo "2334"]
[PlyCount "67"]
[EventDate "2004.??.??"]

1. d4 Nf6 2. c4 e6 3. Nc3 Bb4 4. e3 c5 5. Bd3 d6 6. Nge2 Nc6 7. O-O O-O 8. Qc2
Ba5 9. a3 h6 10. b3 cxd4 11. Nxd4 Nxd4 12. exd4 Bb6 13. Ne2 e5 14. Bb2 Qe7 15.
dxe5 dxe5 16. Ng3 Rd8 17. Rae1 Bd4 18. Bxd4 Rxd4 19. f4 Qd8 20. fxe5 Ng4 21.
Rf3 Bd7 22. Bh7+ Kh8 23. Bf5 Bc6 24. Bxg4 Rxg4 25. Rxf7 h5 26. e6 h4 27. e7 Qd7
28. Qf5 Qd4+ 29. Kh1 g6 30. Rf8+ Kh7 31. Qf7+ Kh6 32. Nf5+ gxf5 33. Re6+ Kg5
34. Qxf5# 1-0

[Event "2004 World Open"]
[Site "Philadelphia, PA"]
[Date "2004.07.03"]
[Round "5"]
[White "Kraai, Jesse"]
[Black "Schneider, Igor"]
[Result "1-0"]
[WhiteElo "2497"]
[BlackElo "2310"]
[PlyCount "73"]
[EventDate "2004.??.??"]

1. e4 e6 2. d4 d5 3. Nc3 Nf6 4. e5 Nfd7 5. f4 c5 6. Nf3 Nc6 7. Be3 cxd4 8. Nxd4
Bc5 9. Qd2 a6 10. O-O-O O-O 11. Qf2 Bxd4 12. Bxd4 b5 13. Be3 b4 14. Na4 a5 15.
h4 f6 16. exf6 Nxf6 17. h5 Ng4 18. Qg3 Nxe3 19. Qxe3 Qd6 20. g3 Bd7 21. h6 g6
22. Bh3 Rae8 23. Nb6 Re7 24. Rde1 Rfe8 25. Kb1 Kf7 26. Qf2 Rb8 27. b3 Qc7 28.
f5 gxf5 29. Nxd7 Qxd7 30. g4 Qd6 31. gxf5 e5 32. Rhg1 Qxh6 33. Bg2 e4 34. Rh1
Qg7 35. f6 Qxf6 36. Rxh7+ Ke6 37. Bh3+ 1-0

[Event "2004 World Open"]
[Site "Philadelphia, PA"]
[Date "2004.07.03"]
[Round "5"]
[White "Zatonskih, Anna"]
[Black "Castaneda, Nelson"]
[Result "1-0"]
[WhiteElo "2458"]
[BlackElo "2307"]
[PlyCount "83"]
[EventDate "2004.??.??"]

1. e4 e5 2. Nf3 Nc6 3. Bb5 a6 4. Ba4 Nf6 5. O-O Be7 6. Re1 b5 7. Bb3 d6 8. c3
O-O 9. h3 Na5 10. Bc2 c5 11. d4 Qc7 12. d5 Bd7 13. b3 g6 14. Bh6 Rfe8 15. Nbd2
Bf8 16. Be3 Nh5 17. Nf1 Bg7 18. Bd2 Rf8 19. Kh1 Rab8 20. Ng1 Nf4 21. Rc1 Nb7
22. Be3 c4 23. b4 a5 24. Kh2 Ra8 25. Bb1 axb4 26. cxb4 Ra3 27. g3 Nh5 28. Ne2
f5 29. exf5 gxf5 30. Nc3 Nf6 31. Bxf5 Rxc3 32. Bxd7 Rxc1 33. Be6+ Kh8 34. Bxc1
Nd8 35. f4 Nxe6 36. dxe6 Re8 37. f5 d5 38. g4 h6 39. h4 e4+ 40. Kh3 Qe5 41. Ng3
Bf8 42. Be3 1-0

[Event "2004 World Open"]
[Site "Philadelphia, PA"]
[Date "2004.07.03"]
[Round "5"]
[White "Arakhamia, Keteva"]
[Black "Rouleau, John"]
[Result "1-0"]
[WhiteElo "2452"]
[BlackElo "2298"]
[PlyCount "65"]
[EventDate "2004.??.??"]

1. e4 e6 2. d4 d5 3. Nc3 Bb4 4. e5 c5 5. a3 Ba5 6. b4 cxd4 7. Nb5 Bc7 8. f4 Nc6
9. Nf3 Nge7 10. Bd3 a6 11. Nxc7+ Qxc7 12. Bb2 Bd7 13. O-O h6 14. Kh1 g5 15.
Nxd4 Nxd4 16. Bxd4 Bb5 17. a4 Bxd3 18. cxd3 Nf5 19. Rc1 Qd8 20. Bc5 gxf4 21.
Rxf4 h5 22. a5 Rc8 23. Bb6 Qd7 24. Rf2 d4 25. Rxc8+ Qxc8 26. Rc2 Qb8 27. Rc7
Kf8 28. Qc1 Ne7 29. Qg5 Ng6 30. Bc5+ Kg8 31. Rxf7 Kxf7 32. Qf6+ Ke8 33. Qxe6+
1-0

[Event "2004 World Open"]
[Site "Philadelphia, PA"]
[Date "2004.07.03"]
[Round "5"]
[White "Bartholomew, John"]
[Black "Thaler, Michael"]
[Result "1-0"]
[WhiteElo "2347"]
[BlackElo "2031"]
[PlyCount "113"]
[EventDate "2004.??.??"]

1. e4 e5 2. Nf3 Nc6 3. Bc4 Nf6 4. d3 Be7 5. O-O O-O 6. c3 d6 7. Bb3 Be6 8. Nbd2
Nh5 9. Nc4 Bxc4 10. Bxc4 Na5 11. Nxe5 Nf6 12. Ng4 Nxc4 13. Nxf6+ Bxf6 14. dxc4
Qe7 15. Qd3 Rfe8 16. f3 Bg5 17. Bxg5 Qxg5 18. Rad1 Qa5 19. b3 Re6 20. Qd5 Qxd5
21. Rxd5 b6 22. b4 Rb8 23. Rfd1 Kf8 24. R1d2 Ke7 25. Kf2 Re5 26. Rxe5+ dxe5 27.
Rd5 f6 28. c5 c6 29. Rd6 bxc5 30. Rxc6 cxb4 31. cxb4 Rxb4 32. Rc7+ Kf8 33. Rxa7
Rb2+ 34. Kg3 Kg8 35. h4 h5 36. a4 Ra2 37. a5 Kh7 38. a6 Kg8 39. Kh3 Kh7 40. Ra8
g6 41. Kh2 Kg7 42. a7 Kh7 43. Kg1 Kg7 44. Kf1 Ra1+ 45. Ke2 Ra2+ 46. Kd3 Ra4 47.
Kc3 Ra3+ 48. Kb4 Ra1 49. Kc5 Ra6 50. Kb5 Ra1 51. Kc6 Ra2 52. Rd8 Rxa7 53. Rd7+
Rxd7 54. Kxd7 Kh6 55. Ke7 g5 56. Kxf6 gxh4 57. Kf5 1-0

[Event "2004 World Open"]
[Site "Philadelphia, PA"]
[Date "2004.07.03"]
[Round "5"]
[White "Young, Angelo"]
[Black "Shapiro, Daniel E"]
[Result "0-1"]
[WhiteElo "2413"]
[BlackElo "2272"]
[PlyCount "84"]
[EventDate "2004.??.??"]

1. Nc3 c5 2. Nf3 Nc6 3. d4 cxd4 4. Nxd4 Nf6 5. Bg5 e6 6. Ndb5 d6 7. Bf4 e5 8.
Bg5 a6 9. Na3 b5 10. Nd5 Be6 11. Bxf6 gxf6 12. g3 Bg7 13. Bg2 Rc8 14. c3 O-O
15. Nc2 f5 16. a4 bxa4 17. Rxa4 a5 18. O-O Rb8 19. Qc1 Qd7 20. Rh4 Rb5 21. c4
Rb3 22. Qg5 Qd8 23. Qh5 h6 24. f4 Rxb2 25. Nce3 Nd4 26. fxe5 dxe5 27. Kh1 Re8
28. g4 f4 29. Nf5 Qg5 30. Nxh6+ Bxh6 31. Qxh6 Qxh6 32. Rxh6 Kg7 33. g5 Rh8 34.
e3 fxe3 35. Nxe3 Rxh6 36. gxh6+ Kxh6 37. Bd5 Bh3 38. Ra1 f5 39. Kg1 Nb3 40. Re1
a4 41. c5 e4 42. Be6 Nd4 0-1

[Event "2004 World Open"]
[Site "Philadelphia, PA"]
[Date "2004.07.03"]
[Round "5"]
[White "Dougherty, Michael"]
[Black "Tegshsuren, Enkhbat"]
[Result "1/2-1/2"]
[WhiteElo "2320"]
[BlackElo "2478"]
[PlyCount "81"]
[EventDate "2004.??.??"]

1. d4 d5 2. Nf3 Nf6 3. c4 c6 4. e3 a6 5. Bd3 b5 6. b3 Bg4 7. h3 Bxf3 8. Qxf3
Nbd7 9. Bb2 Qb8 10. cxd5 cxd5 11. Nd2 e6 12. O-O Bb4 13. Qe2 O-O 14. Rfc1 Qd6
15. Nf3 Ba3 16. Ne5 Rfc8 17. Rc2 Bxb2 18. Rxc8+ Rxc8 19. Qxb2 Kf8 20. a4 b4 21.
Nxd7+ Nxd7 22. Rc1 Rc6 23. Rxc6 Qxc6 24. Qc2 Qxc2 25. Bxc2 h6 26. Kf1 Ke7 27.
Bd3 a5 28. Ke2 Kd6 29. Bb5 Nb6 30. Kd3 f6 31. f4 Nc8 32. g4 g5 33. Ke2 Ne7 34.
Kf3 e5 35. f5 Nc8 36. Ke2 Na7 37. Ba6 Nc6 38. Kd3 Nd8 39. Bb5 Nf7 40. Be8 Nd8
41. Bb5 1/2-1/2

[Event "2004 World Open"]
[Site "Philadelphia, PA"]
[Date "2004.07.03"]
[Round "5"]
[White "Tsyganov, Igor M"]
[Black "Vucic, Mladen"]
[Result "1/2-1/2"]
[WhiteElo "2292"]
[BlackElo "2435"]
[PlyCount "158"]
[EventDate "2004.??.??"]

1. d4 Nf6 2. Nf3 g6 3. c4 c5 4. Nc3 cxd4 5. Nxd4 Bg7 6. e4 d6 7. Be2 O-O 8. O-O
a6 9. Be3 Nc6 10. Qd2 Bd7 11. Rac1 Rc8 12. Nxc6 Bxc6 13. f3 Re8 14. b4 Bd7 15.
Nd5 Nxd5 16. cxd5 Rxc1 17. Rxc1 Qb8 18. Bd4 Rc8 19. Bxg7 Rxc1+ 20. Qxc1 Kxg7
21. Qc3+ f6 22. a3 Qa7+ 23. Kf1 Qb6 24. h4 h6 25. g4 g5 26. h5 Kf8 27. Bd1 Ke8
28. a4 Kd8 29. a5 Bb5+ 30. Be2 Bxe2+ 31. Kxe2 Qg1 32. Kd2 Qf2+ 33. Kc1 Qe2 34.
Kb1 Kd7 35. Kc1 Kd8 36. Kb1 Qd1+ 37. Kb2 Kd7 38. Qe3 Ke8 39. Qc3 Qe2+ 40. Kc1
Kd7 41. Kb1 f5 42. exf5 Qd1+ 43. Kb2 Qxd5 44. Qh8 Qd2+ 45. Kb3 Qd1+ 46. Kb2
Qe2+ 47. Kc1 Qc4+ 48. Kd1 Qd3+ 49. Kc1 Qxf3 50. Qxh6 Qc3+ 51. Kd1 Qd4+ 52. Kc2
Qc4+ 53. Kd2 Qxb4+ 54. Kc2 Qe4+ 55. Kd2 Qg2+ 56. Kd3 Qf1+ 57. Kd2 Qf2+ 58. Kd3
Qf3+ 59. Kd2 Qd5+ 60. Kc2 Qc4+ 61. Kd2 Qd4+ 62. Kc2 Qa4+ 63. Kb2 Qb4+ 64. Kc2
Qc4+ 65. Kd2 Qa2+ 66. Kd3 Qa3+ 67. Kc2 Qc5+ 68. Kb2 Qf2+ 69. Kb3 Qe3+ 70. Kc2
d5 71. Qb6 Qe2+ 72. Kb3 Qc4+ 73. Kb2 Qe2+ 74. Kb3 Qd1+ 75. Kb2 Qd2+ 76. Kb3
Qd1+ 77. Kb2 Qd2+ 78. Kb3 Qd3+ 79. Kb2 Qd2+ 1/2-1/2

[Event "2004 World Open"]
[Site "Philadelphia, PA"]
[Date "2004.07.03"]
[Round "5"]
[White "Kis, Lorand B"]
[Black "Friedel, Joshua E"]
[Result "0-1"]
[WhiteElo "2249"]
[BlackElo "2483"]
[PlyCount "54"]
[EventDate "2004.??.??"]

1. d4 Nf6 2. c4 c5 3. d5 b5 4. a4 b4 5. g3 g6 6. b3 Bg7 7. Bb2 O-O 8. Bg2 d6 9.
Nd2 a5 10. Qc2 Ra7 11. e4 e5 12. Ne2 Ng4 13. h3 Nh6 14. f4 exf4 15. gxf4 Re8
16. Bxg7 Kxg7 17. Qb2+ Kg8 18. O-O-O Nf5 19. exf5 Rxe2 20. Be4 Re7 21. fxg6
R7xe4 22. gxh7+ Kxh7 23. Rhg1 Rd4 24. Qb1+ Kh6 25. Nf3 Qe7 26. Ne5 dxe5 27.
Rxd4 exd4 0-1

[Event "2004 World Open"]
[Site "Philadelphia, USA"]
[Date "2004.07.04"]
[Round "6"]
[White "Wojtkiewicz, Aleks"]
[Black "Ivanov, Alexander"]
[Result "1/2-1/2"]
[WhiteElo "2551"]
[BlackElo "2565"]
[PlyCount "20"]
[EventDate "2004.07.04"]

1. Nf3 Nf6 2. c4 e6 3. g3 d5 4. d4 dxc4 5. Bg2 Nc6 6. Qa4 Nd7 7. Qxc4 Nb6 8.
Qd3 e5 9. Bg5 Be7 10. Bxe7 Qxe7 1/2-1/2

[Event "2004 World Open"]
[Site "Philadelphia"]
[Date "2004.07.04"]
[Round "6"]
[White "Novikov, Igor"]
[Black "Stocek, Jiri"]
[Result "*"]
[WhiteElo "2708"]
[BlackElo "2593"]
[PlyCount "71"]
[EventDate "2004.??.??"]

1. d4 Nf6 2. c4 e6 3. Nf3 b6 4. g3 Ba6 5. b3 b5 6. cxb5 Bxb5 7. Bg2 d5 8. O-O
Nbd7 9. Nc3 Ba6 10. Re1 Bd6 11. Bb2 O-O 12. Rc1 Rc8 13. Rc2 Qe7 14. e4 Nxe4 15.
Nxe4 dxe4 16. Rxe4 Nf6 17. Re1 Bb4 18. Bc3 c5 19. Ne5 Bb7 20. dxc5 Rfd8 21. Qc1
Bxg2 22. Bxb4 Ba8 23. Ba5 Rd5 24. b4 h6 25. f3 Nd7 26. Nc4 Qf6 27. Qe3 Nb8 28.
Qc3 Rd4 29. Ne5 Nc6 30. Nxc6 Bxc6 31. Rf2 e5 32. Rfe2 Qg6 33. Rxe5 f6 34. a3
Kh8 35. Qb2 a6 36. Qb3 *

[Event "2004 World Open"]
[Site "Philadelphia"]
[Date "2004.07.04"]
[Round "6"]
[White "Sevillano, Enrico M"]
[Black "De Firmian, Nick E"]
[Result "1/2-1/2"]
[WhiteElo "2534"]
[BlackElo "2632"]
[PlyCount "43"]
[EventDate "2004.??.??"]

1. e4 c5 2. c3 Nf6 3. e5 Nd5 4. d4 cxd4 5. Nf3 d6 6. cxd4 Nc6 7. Bc4 Nb6 8. Bb5
dxe5 9. Nxe5 Bd7 10. Qb3 e6 11. Be3 Bb4+ 12. Nc3 Bxc3+ 13. bxc3 Nxe5 14. dxe5
Bxb5 15. Qxb5+ Qd7 16. Rb1 Qxb5 17. Rxb5 Kd7 18. O-O Kc8 19. Rfb1 Rd8 20. Bxb6
axb6 21. Rxb6 Rd7 22. R6b2 1/2-1/2